000 01406nam a2200253 a 4500
001 79945
003 BD-RjUL
005 20220608120159.0
008 220608s2000 bg a|||| m||| 00| 0 ben d
035 _a(BD-RjUL)79945
040 _aBD-RjUL
_bben / eng
_cBD-RjUL
_dBD-RjUL
041 _aben
082 _a954.92
_bAHB 2000
_223
100 _aআহমদ, সাদ
_93520
245 0 1 _aবারো বাজারের ইতিহাস ও ঐতিহ্য /
_cসাদ আহমদ ;
_6তত্ত্বাবধায়ক : এম. এ. বারী
260 _aরাজশাহী :
_bইসলামের ইতিহাস ও সংস্কৃতি বিভাগ, রাজশাহী বিশ্ববিদ্যালয়,
_c2000
300 _ax, ২০৩ পাতা :
_bচিএ ;
_c২৯ সেমি.
502 _aথিসিস (এম. ফিল.) -- ইসলামের ইতিহাস ও সংস্কৃতি বিভাগ, রাজশাহী বিশ্ববিদ্যালয়, ২০০০
504 _aগ্রন্থপঞ্জী : পাতা ১৪৩-১৬৯
650 _aবারো বাজার
_vইতিহাস ও ঐতিহ্য
_93521
650 _aTwelve markets
_vHistory and tradition
_93522
700 _aবারী, এম. এ. তত্ত্বাবধায়ক
_93523
942 _2ddc
_cTHE
999 _c79945
_d79945